000 01155nam a22003257a 4500
003 CHAP
005 20220329134754.0
008 971013s1985 r 00010 d
010 _a25666
011 _a26638
035 _a30739
040 _cCHAP
082 _a378.242
_bB8
100 0 0 _aBueno Jáquez, José Emilio
_eed.
_915963
245 _aResúmenes de tesis presentadas en el Centro de Estudios Profesionales del Colegio Superior Agropecuario del estado de Guerrero 1975-1985
260 _aColula, Gro. :
_bColegio Superior Agropecuario del Estado de Guerrero,
_c1985
300 _a86 p.
590 _aBATCH-UPD
_b10
_c20130110
_lUCH01
_h1618
590 _aBATCH-UPD
_b10
_c20130410
_lUCH01
_h1012
590 _aBATCH-UPD
_b10
_c20130914
_lUCH01
_h0710
590 _aCONVERSION
_b10
_c20130109
_lUCH01
_h1315
650 1 4 _aAgricultura
_xBibliografia.
_91321
650 1 4 _aBosques
_xBibliografía.
_914095
650 1 4 _aGanadería
_xBibliografía.
_944660
650 1 4 _aTesis
_xSumarios.
_9112469
700 0 _aAntonio Otero, Clemente
_eed,
_96102
901 _aBK
942 _cLIBRO
949 _a378.242 B8
_bBC
_cC
_d33724000513883
_eC
_h71236
_i30739
_si
999 _c25666
_d25666